United Nations economic and social council : economic commision for Europe : eighth meeting of government officials responsible for standardization policies

Salvato in:
Dettagli Bibliografici
Natura: Libro
Lingua:inglese
Pubblicazione: Geneva United Nations 1984
Tags: Aggiungi Tag
Nessun Tag, puoi essere il primo ad aggiungerne!!

MARC

LEADER 00000nam a2200000 4500
001 c108949
005 20041019155142.9
041 0 |a eng 
044 |a CH 
245 1 0 |a United Nations  |b economic and social council : economic commision for Europe : eighth meeting of government officials responsible for standardization policies 
264 1 |a Geneva  |b United Nations  |c 1984 
300 |a Prer. s.